El Pabellón de las Rosas /
Guardado en:
| Autor Principal: | |
|---|---|
| Otros Autores: | , , , |
| Formato: | Libro |
| Idioma: | Spanish |
| Publicado: |
Buenos Aires :
Charco,
2024.
|
| Materias: | |
| Etiquetas: |
Agregar Etiqueta
Sin Etiquetas, Sea el primero en etiquetar este registro!
|
| LEADER | 01188nam a22002895a 4500 | ||
|---|---|---|---|
| 001 | EHU.bham052132 | ||
| 008 | 240520s2024####ag#o##########000#0#spa#d | ||
| 005 | 20240520100525.0 | ||
| 245 | 0 | 0 | |a El Pabellón de las Rosas / |c textos poéticos de Laura Forchetti ; obra textil de Eliset Nomdedeu ; fotografías de Manuela Tejerina ; diseño gráfico de Vero Roca ; reseña de Graciela Hernández. |
| 260 | |a Buenos Aires : |b Charco, |c 2024. | ||
| 300 | |a 110 p. | ||
| 500 | |a Ejemplar de edición artesanal de 100 ejemplares, Nº 45. Realizado con el apoyo del Fondo Nacional de las Artes. | ||
| 500 | |a Ejemplar de consulta. | ||
| 500 | |a Contiene pequeña obra textil de bordado (en sobre). | ||
| 100 | 1 | |a Forchetti, Laura. | |
| 700 | 1 | |a Nomdedeu, Eliset. | |
| 700 | 1 | |a Tejerina, Manuela, fotogr. | |
| 700 | 1 | |a Roca, Vero, diseño gráfico. | |
| 700 | 1 | |a Hernández, Graciela, reseña. | |
| 082 | 9 | 8 | |a A868.5 F698-1 |
| 653 | |a Prostitución | ||
| 653 | |a Miscelánea argentina-2000- | ||
| 653 | |a Arte gráfica | ||
| 653 | |a Edición artesanal | ||
| 651 | 7 | |a Coronel Dorrego |x Buenos Aires-provincia |2 Registros municipales | |
| 653 | |a Arte textil | ||
| 859 | |a AR-BHAM |h A868.5 |i F698-1 |p 268.24 |t 1 | ||
